Obálka Náhled e-knihy:
PDF Epub
Pro půjčování e-knih musíte být přihlášeni.
Jak si půjčit online?

Bratři Steelové. Podrobení /

Stejně jako v předchozích dílech této ságy se zde proplétají motivy vášně, lásky, žhavého sexu, klamu, hrůzy, zklamání a naděje, takže si čtenáři ani nemají čas vydechnout.

Uloženo v:
Série:Bratři Steelové, část 6
Hlavní autor: Hardt, Helen, 1964- (Autor)
Další autoři: Hauserová, Eva, 1954-2023 (Autor)
Médium: E-kniha
Jazyk:Czech
Vydáno: Praha : Dobrovský s.r.o., 2024
Edice:Red
Témata:
Příbuzné jednotky:Z cyklu:: Bratři Steelové
Tagy:
Žádné tagy
LEADER 03090nam a2200493 i 4500
001 312293
003 CZ PrSKC
005 20260601215720.0
007 ta
008 240209s2024 xr e 000 f cze
015 |a cnb003588474 
020 |a 9788027712762  |q (vázáno) 
035 |a (OCoLC)1429250119 
040 |a ABG001  |b cze  |e rda 
041 1 |a cze  |h eng 
072 7 |a 821.111(73)-3  |x Americká próza  |2 Konspekt 
080 |a 821.111(73)-31  |2 MRF 
080 |a (0:82-312.5)  |2 MRF 
080 |a (0:82-993)  |2 MRF 
100 1 |a Hardt, Helen,  |d 1964-  |7 xx0257191  |4 aut 
240 1 0 |a Surrender.  |l Česky 
245 1 0 |a Bratři Steelové.  |p Podrobení /  |c Helen Hardt ; z anglického originálu Surrender přeložila Eva Hauserová 
246 3 0 |a Podrobení 
264 1 |a Praha :  |b Dobrovský s.r.o.,  |c 2024 
300 |a 289 stran ;  |c 21 cm 
336 |a text  |b txt  |2 rdacontent 
337 |a bez média  |b n  |2 rdamedia 
338 |a svazek  |b nc  |2 rdacarrier 
490 1 |a Red 
520 2 |a Stejně jako v předchozích dílech této ságy se zde proplétají motivy vášně, lásky, žhavého sexu, klamu, hrůzy, zklamání a naděje, takže si čtenáři ani nemají čas vydechnout.  |b Sledujeme rozvíjející se příběh lásky mimořádně přitažlivého a bohatého rančera Jonaha Steela a terapeutky Melanie Carmichaelové, krásné ženy, která si ale tak docela nevěří. Dokáže se plně poddat Jonahově zálibě v sexu s příměsí dominance a submisivity a nechá se vynést do nových výšin erotiky i partnerské lásky? Jak Jonah, tak Melanie se potýkají s dědictvím neblahé minulosti, která jen neochotně vydává svá tajemství a staví jim do cesty nová a nová nebezpečí. Kdo byl ve skutečnosti otec Jonaha Steela, a bylo by možné, že jeho bratr Ryan je dítětem jiné matky než Daphne Steelové? Třetí a nejnebezpečnější z trojice psychopatických kriminálníků, kteří se na rodině Steelových tak provinili, je stále na svobodě, navíc se na scéně objevuje jeho dcera. Postupné odhalování zločinců, kteří v dětství nesli Jonahova bratra Talona, týrali ho a znásilňovali, stále pokračuje. Nakladatelská anotace. 
655 7 |a americké romány  |7 fd131796  |2 czenas 
655 7 |a milostné romány  |7 fd132840  |2 czenas 
655 7 |a erotické romány  |7 fd132211  |2 czenas 
655 9 |a American fiction  |2 eczenas 
655 9 |a love novels  |2 eczenas 
655 9 |a erotic novels  |2 eczenas 
700 1 |a Hauserová, Eva,  |d 1954-2023  |7 jk01040194  |4 trl 
787 0 8 |i Z cyklu:  |t Bratři Steelové  |g 6 
830 0 |a Red 
900 |a ABA001  |b 21 
044 |a xr 
910 |a RBIT002 
998 |d 398651  |a https://core.palmknihy.cz/api/books/398651/cover?s8unu3  |b https://core.palmknihy.cz/api/books/398651/cover/400?s8unu3  |c https://core.palmknihy.cz/api/books/398651/cover/50?s8unu3  |e 2027-01-20  |g 296  |i 9788027712762  |j https://core.palmknihy.cz/api/books/398651/preview.epub  |k https://core.palmknihy.cz/api/books/398651/preview.pdf  |l   |q 49  |r 1  |s https://www.palmknihy.cz/kniha/398651  |t ebook  |y 2024  |z 0  |v Bratři Steelové  |w 6 
999 |d 312291